| 000 | 00725nam a2200241Ia 4500 | ||
|---|---|---|---|
| 999 |
_c41597 _d41597 |
||
| 001 | 8266 | ||
| 003 | GE_BSU | ||
| 005 | 20190702170836.0 | ||
| 008 | 181216s2013||||en |||||||||||||| ||eng|| | ||
| 020 | _a978190312873. | ||
| 040 | _c | ||
| 041 | _aeng | ||
| 080 | _a811.111'36(075.8) E-93 | ||
| 100 |
_aEvans, Virginia. _93157 |
||
| 245 |
_aEnterpraise Grammar 1 : Student's Book / _cVirginia Evans ; Jenny Dooley . |
||
| 260 |
_cMade in Eu : _aExpress Publishing, _b2013. |
||
| 300 |
_a88 p .: _bill .: _c27 cm. |
||
| 541 | _h10 Gel. | ||
| 653 | _aEnterpraise Grammar | ||
| 653 | _aინგლისური ენის გრამატიკა | ||
| 700 |
_a Dooley Jenny . _93158 |
||
| 942 |
_cBK _2udc |
||